| Tag |
First Indicator |
Second Indicator |
Subfields |
| LEADER |
00000cam a2200000 4500 |
| 001 |
in00000231621 |
| 005 |
20151009073434.0 |
| 008 |
730810s1953 nyua 00010 eng d |
| 010 |
|
|
|a 54006460
|
| 035 |
|
|
|a (OCoLC)00675682
|
| 035 |
|
|
|9 AAZ0863AM
|
| 040 |
|
|
|c WSU
|d TXA
|d UtOrBLW
|
| 049 |
|
|
|a TXAM
|c [238295]
|
| 090 |
|
|
|a H11
|b .N2432 no. 40
|
| 100 |
1 |
|
|a Hultgren, Thor,
|d 1902-
|
| 245 |
1 |
0 |
|a Transport and the state of trade in Britain /
|c [by] Thor Hultgren, assisted by William I. Greenwald.
|
| 264 |
|
1 |
|a [New York] :
|b National Bureau of Economic Research,
|c 1953.
|
| 300 |
|
|
|a xii, 114 pages :
|b diagrams, tables.
|
| 336 |
|
|
|a text
|b txt
|2 rdacontent
|
| 337 |
|
|
|a unmediated
|b n
|2 rdamedia
|
| 338 |
|
|
|a volume
|b nc
|2 rdacarrier
|
| 490 |
1 |
|
|a National Bureau of Economic Research. Occasional paper ;
|v 40
|
| 650 |
|
0 |
|a Transportation
|z Great Britain.
|
| 650 |
|
0 |
|a Railroads
|z Great Britain.
|
| 651 |
|
0 |
|a Great Britain
|x Commerce.
|
| 830 |
|
0 |
|a Occasional paper (National Bureau of Economic Research) ;
|v 40.
|
| 999 |
|
|
|a MARS
|
| 999 |
f |
f |
|s 7f6b5872-25ed-3293-b64d-49b8327be4e3
|i 1b088eda-4ae3-3718-a967-7214dec6e99f
|t 0
|
| 952 |
f |
f |
|p normal
|a Texas A&M University
|b College Station
|c Sterling C. Evans Library
|d Evans: Library Stacks
|t 0
|e H11 .N2432 no.34-40
|h Library of Congress classification
|i microform -- microfilm reel
|m A14802496563
|
| 952 |
f |
f |
|a Texas A&M University
|b College Station
|c Sterling C. Evans Library
|d Evans: Library Stacks
|t 0
|e H11 .N2432 no.34-40
|h Library of Congress classification
|
| 998 |
f |
f |
|a H11 .N2432 no.34-40
|t 0
|l Evans: Library Stacks
|